Research methods in psychology : (Record no. 19400)
[ view plain ]
| 000 -LEADER | |
|---|---|
| fixed length control field | 01945cam a22002895a 4500 |
| 001 - CONTROL NUMBER | |
| control field | 18155825 |
| 005 - DATE AND TIME OF LATEST TRANSACTION | |
| control field | 20150602121049.0 |
| 008 - FIXED-LENGTH DATA ELEMENTS--GENERAL INFORMATION | |
| fixed length control field | 140519t2015 nyua frbd 001 0 eng d |
| 020 ## - INTERNATIONAL STANDARD BOOK NUMBER | |
| International Standard Book Number | 9780393936933 (pbk. : alk. paper) |
| 040 ## - CATALOGING SOURCE | |
| Original cataloging agency | DLC |
| Language of cataloging | eng |
| Transcribing agency | DLC |
| Modifying agency | EG-ScBUE |
| 082 04 - DEWEY DECIMAL CLASSIFICATION NUMBER | |
| Classification number | 150.72 |
| Edition number | 22 |
| Item number | MOR |
| 100 1# - MAIN ENTRY--PERSONAL NAME | |
| Personal name | Morling, Beth. |
| 9 (RLIN) | 38058 |
| 245 10 - TITLE STATEMENT | |
| Title | Research methods in psychology : |
| Remainder of title | evaluating a world of information / |
| Statement of responsibility, etc | Beth Morling. |
| 250 ## - EDITION STATEMENT | |
| Edition statement | 2nd ed. |
| 260 ## - PUBLICATION, DISTRIBUTION, ETC. (IMPRINT) | |
| Place of publication, distribution, etc | New York ; |
| -- | London : |
| Name of publisher, distributor, etc | W. W. Norton & Company, |
| Date of publication, distribution, etc | c.2015. |
| 300 ## - PHYSICAL DESCRIPTION | |
| Extent | xxxi, 604 p. : |
| Other physical details | ill. (col.) ; |
| Dimensions | 24 cm. |
| 500 ## - GENERAL NOTE | |
| General note | Glossary : p. 547-556. |
| 500 ## - GENERAL NOTE | |
| General note | Index : p. 591-604. |
| 504 ## - BIBLIOGRAPHY, ETC. NOTE | |
| Bibliography, etc | Bibliography : p. 571-590. |
| 505 0# - FORMATTED CONTENTS NOTE | |
| Formatted contents note | Introduction to scientific reasoning -- Psychology is a way of thinking -- Sources of information : why research is best and how to find it -- Three claims, four validities : interrogation tools for consumers of research -- Research foundations for any claim -- Ethical guidelines for psychology research -- Identifying good measurement -- Tools for evaluating frequency claims -- Surveys and observations : describing what people do -- Sampling : estimating the frequency of behaviors and beliefs -- Tools for evaluating association claims -- Bivariate correlational research -- Multivariate correlational research -- Tools for evaluating causal claims -- Introduction to simple experiments -- More on experiments : confounding and obscuring variables -- Experiments with more than one independent variable -- Balancing research priorities -- Quasi-experiments and small-n designs -- Replicability, generalization, and the real world -- References -- Credits -- Name index -- Subject index. |
| 650 #0 - SUBJECT ADDED ENTRY--TOPICAL TERM | |
| Topical term or geographic name as entry element | Psychology |
| General subdivision | Research |
| -- | Methodology |
| Form subdivision | Textbooks. |
| Source of heading or term | BUEsh |
| 650 #0 - SUBJECT ADDED ENTRY--TOPICAL TERM | |
| Topical term or geographic name as entry element | Psychology, Experimental |
| Form subdivision | Textbooks. |
| Source of heading or term | BUEsh |
| 651 ## - SUBJECT ADDED ENTRY--GEOGRAPHIC NAME | |
| Source of heading or term | BUEsh |
| 653 ## - INDEX TERM--UNCONTROLLED | |
| Resource For college | BAEPS, Business Administration |
| Arrived date list | May2015 |
| 655 ## - INDEX TERM--GENRE/FORM | |
| Form subdivision | |
| -- | 34232 |
| 942 ## - ADDED ENTRY ELEMENTS (KOHA) | |
| Source of classification or shelving scheme | Dewey Decimal Classification |
| Call number prefix | 150.72 MOR |
| Withdrawn status | Item status | Source of classification or shelving scheme | Damaged status | Not for loan | Vendor | Home library | Current library | Shelving location | Date acquired | Source of acquisition | Cost, normal purchase price | Serial Enumeration / chronology | Total Checkouts | Total Renewals | Full call number | Barcode | Checked out | Date last seen | Date last borrowed | Cost, replacement price | Koha item type |
|---|---|---|---|---|---|---|---|---|---|---|---|---|---|---|---|---|---|---|---|---|---|
| Dewey Decimal Classification | Baccah | Central Library | Central Library | Lower Floor | 21/05/2015 | 770.00 | 22487 | 5 | 17 | 150.72 MOR | 000038267 | 23/12/2025 | 01/10/2025 | 01/10/2025 | 962.00 | Book - Borrowing |